Statistics for Conquer the United States!

Click here to take the quiz!

General Stats

  • This quiz has been taken 122 times
  • The average score is 288 of 419

Answers on the Map

Answers color-coded by a green-red scale on the quiz's map according to % correct below.
 

Answer Stats

#Answer% Correct
25Texas
97%
17California
95%
40Alaska
92%
12Nevada
88%
11Oregon
88%
13Arizona
86%
10Idaho
86%
13New Mexico
84%
8Florida
82%
9Washington
82%
15Montana
80%
12Colorado
79%
10Utah
78%
11Wyoming
75%
9North Dakota
72%
10Minnesota
71%
7New York
69%
8Oklahoma
67%
9South Dakota
67%
10Kansas
66%
9Nebraska
66%
11Michigan
64%
7Iowa
60%
8Missouri
60%
6Ohio
57%
7Georgia
56%
7Illinois
56%
8Wisconsin
53%
7Louisiana
49%
7Alabama
47%
7Arkansas
46%
5Maine
46%
6Mississippi
45%
5Indiana
44%
3Hawaii
43%
6Tennessee
42%
7North Carolina
39%
6Pennsylvania
36%
6Kentucky
34%
6Virginia
34%
5South Carolina
31%
2New Jersey
22%
5West Virginia
19%
2New Hampshire
18%
2Vermont
18%
3Massachusetts
16%
1Delaware
15%
3Maryland
15%
2Connecticut
13%
1Rhode Island
10%

Score Distribution

Percentile by Number Answered

Percent of People with Each Score

Your Score History

You have not taken this quiz